<?xml version="1.0" encoding="UTF-8"?>
<record
    xmlns:xsi="http://www.w3.org/2001/XMLSchema-instance"
    xsi:schemaLocation="http://www.loc.gov/MARC21/slim http://www.loc.gov/standards/marcxml/schema/MARC21slim.xsd"
    xmlns="http://www.loc.gov/MARC21/slim">

  <leader>00760nam a22001937a 4500</leader>
  <datafield tag="999" ind1=" " ind2=" ">
    <subfield code="c">192846</subfield>
    <subfield code="d">192846</subfield>
  </datafield>
  <controlfield tag="005">20221010120719.0</controlfield>
  <datafield tag="010" ind1=" " ind2=" ">
    <subfield code="a">RP  B-745777</subfield>
  </datafield>
  <datafield tag="020" ind1=" " ind2=" ">
    <subfield code="c">590.00</subfield>
  </datafield>
  <datafield tag="035" ind1=" " ind2=" ">
    <subfield code="a">B-745777</subfield>
  </datafield>
  <datafield tag="037" ind1=" " ind2=" ">
    <subfield code="b">Champion Publication</subfield>
  </datafield>
  <datafield tag="082" ind1=" " ind2=" ">
    <subfield code="a">513</subfield>
  </datafield>
  <datafield tag="100" ind1=" " ind2=" ">
    <subfield code="a">Pratap, Gagan</subfield>
  </datafield>
  <datafield tag="245" ind1=" " ind2=" ">
    <subfield code="a">Complete Classnotes Arithmetics:</subfield>
    <subfield code="b">Useful For CET, SSC, CGL, CPO, CHSL, CDS and other competitive exams/</subfield>
    <subfield code="c">Gagan Pratap</subfield>
  </datafield>
  <datafield tag="260" ind1=" " ind2=" ">
    <subfield code="a">Delhi</subfield>
    <subfield code="b">Champion Publication</subfield>
    <subfield code="c">2022</subfield>
  </datafield>
  <datafield tag="270" ind1=" " ind2=" ">
    <subfield code="a">2nd Floor, Jaina Ext. Dr. Mukherjee Nagar</subfield>
    <subfield code="b">Delhi</subfield>
    <subfield code="e">110009</subfield>
  </datafield>
  <datafield tag="300" ind1=" " ind2=" ">
    <subfield code="a">770p.</subfield>
    <subfield code="c">28cm(pbk)</subfield>
  </datafield>
  <datafield tag="942" ind1=" " ind2=" ">
    <subfield code="2">ddc</subfield>
    <subfield code="c">EN</subfield>
    <subfield code="h">513</subfield>
    <subfield code="m">ARI</subfield>
  </datafield>
  <datafield tag="952" ind1=" " ind2=" ">
    <subfield code="0">0</subfield>
    <subfield code="1">0</subfield>
    <subfield code="4">0</subfield>
    <subfield code="7">0</subfield>
    <subfield code="8">NFIC</subfield>
    <subfield code="a">L</subfield>
    <subfield code="b">L</subfield>
    <subfield code="d">2022-10-10</subfield>
    <subfield code="e">Divyam Prakashan/RP/BL18/5.9.22/95/1.9.22/23.9.22</subfield>
    <subfield code="g">590.00</subfield>
    <subfield code="l">30</subfield>
    <subfield code="m">26</subfield>
    <subfield code="o">513 ARI</subfield>
    <subfield code="p">B-745777</subfield>
    <subfield code="r">2026-06-19 14:57:53</subfield>
    <subfield code="s">2026-05-07</subfield>
    <subfield code="t">1</subfield>
    <subfield code="v">590.00</subfield>
    <subfield code="w">2022-10-10</subfield>
    <subfield code="y">EN</subfield>
  </datafield>
</record>
